000 00233nmm a2200085Ia 4500
008 220120s9999||||xx |||||||||||||||||und||
100 _aEriksson, Hans Erik et.al.
245 0 _aUML 2 toolkit
260 _aMcgraw hill book company
_bDenmark
999 _c140015
_d140015